Militarización, crimen y poder invisible en Guatemala: el retorno del centauro /

En las últimas décadas del siglo XX se observó en América Latina el eclipse de las dictaduras militares. En buena parte de la región surgieron sistemas de democracia representativa en los cuales pudieron verse algunas novedades. Los centroamericanos, y en particular los guatemaltecos, valoran la dif...

Descripció completa

Guardat en:
Dades bibliogràfiques
Autor principal: Figueroa Obarra, Carlos
Format: Text
Matèries:
Etiquetes: Afegir etiqueta
Sense etiquetes, Sigues el primer a etiquetar aquest registre!

MARC

LEADER 00000 a a2200000 04500
001 40784
003
040
100 |a Figueroa Obarra, Carlos  
245 |a Militarización, crimen y poder invisible en Guatemala:   |b el retorno del centauro /  |c Carlos Figuero Ibarra  
520 |a En las últimas décadas del siglo XX se observó en América Latina el eclipse de las dictaduras militares. En buena parte de la región surgieron sistemas de democracia representativa en los cuales pudieron verse algunas novedades. Los centroamericanos, y en particular los guatemaltecos, valoran la diferencia que hay entre una dictadura militar de carácter terrorista y una naciente institucionalidad de carácter democrático. Este trabajo pretender explorar brevemente algunos de tales temas para Centroamérica, y en particular para el caso de Guatemala.  
590 |a DISEMINAR002209  
650 |a DEMOCRATIZACION/VIOLENCIA  
650 |a POBREZA/AMERICA CENTRAL/GUATEMALA  
773 |g páginas 163-176  
999 |c 36677  |d 36677